000 01070cab a2200325 4500
001 A205
008 090401t1993 xxu||||| |||| 00| 0 eng d
035 _a(Sirsi) u27726
041 _aeng
245 _aEffect of environmental factors and pollution, TIAVSC Information Paper No 11
260 _c1993
350 _a0
490 _aNew Zealand Valuers` Journal
_vMarch 1993, 7-8(2)
520 _aReproduces the discussion paper produced by the International Assets Valuation Standards Committee on the valuer`s role in reporting relevant adverse environmental factors which can affect lending security.
650 _aContamination
_96231
650 _aENVIRONMENTAL FACTORS
650 _aENVIRONMENTAL LIABILITY
650 _aFARM POLLUTION
650 _aLENDER LIABILITY
650 _aLIABILITY
650 _aPOLLUTION
650 _aValuation
_96273
650 _aVALUE
650 _aVALUERS
650 _aWATER POLLUTION
690 _aENVIRONMENTAL AND LAND CONSULTANCY
690 _aRATING AND VALUATION
942 _n0
948 _c04/03/1997
999 _c18673
_d18673